000 00586cam a2200193 a 4500
001 000018032
005 20200929165327.0
008 840402s1970 ve 000 p spa d
040 _aDO-SdBNP
_bspa
_cLC
_dBNPHU
082 _aV861.44
_bB453p
100 1 _aBeltran Guerrero, Luis,
_d1914-
_939097
245 1 0 _aPoemas de la tierra /
_cLuis Beltran Guerrero.
260 _aCaracas :
_bPoesía de Venezuela,
_c1970.
300 _a17 p. ;
_c18 cm.
650 4 _aPoesía venezolana
_94230
650 4 _aLiteratura venezolana
_93816
910 _aCatalogación por copia / LC
049 _aBNGR
999 _c17554
_d17554